000 00897na a2200289 4500
001 14368
003 MIRAKIL
005 20181213154824.0
008 161031b tu 000 0
020 _a9786053323761
035 _a14368
040 _aMilas
_btur
_cTR-AnCHP
041 _atur
082 _a956.91
_bI57ş 2015
090 _a956.91 I57ş 2015
100 _aİbn Kalanisi
245 _aŞam tarihine zeyl
_bI. ve II. Haçlı Seferleri dönemi
_cİbn Kalanisi ; Arapça aslından çeviren: Onur Özatağ
246 _aI. ve II. Haçlı Seferleri dönemi
260 _aİstanbul
_bTürkiye iş bankası kültür yayınları
_c2015
300 _a236 s.
_c21 sm.
490 _aHasan Ali Yücel klasikleri
504 _aDizin var.
650 _aHaçlı Seferleri
651 _aSuriye
_xTarih
_yHaçlı Seferleri
651 _aŞam (Suriye)
_xTarih
_y750-1260
942 _2ddc
_cBKS
999 _c1481
_d1481